[Event "XX C.to Mondiale Seniores"]
[Site "Arco ITA"]
[Date "2010.11.01"]
[Round "6"]
[White "Villing, Dieter"]
[Black "Gardi, Giuseppe"]
[WhiteElo "2189"]
[BlackElo "2032"]
[Result "1-0"]
[PlyCount "91"]
[EventDate "2010.10.26"]

1. e4 g6 2. d4 Bg7 3. Nc3 c6 4. f4 d5 5. e5 Nh6 6. Nf3 O-O 7. Be3 f6 8. Qd2 Bg4
9. Be2 Nd7 10. O-O-O Nf5 11. Bf2 Bh6 12. exf6 exf6 13. h3 Bxf3 14. Bxf3 Nd6 15.
Kb1 Nc4 16. Qc1 Qc7 17. g3 Rfe8 18. Rhe1 b5 19. Rxe8+ Rxe8 20. Re1 Qb8 21. b3
Nd6 22. Rxe8+ Nxe8 23. Qe3 Nf8 24. Qe7 Bg7 25. Nxd5 Nd6 26. Nxf6+ Kh8 27. Bxc6
Nf5 28. Qe8 Qc7 29. Ne4 b4 30. g4 Nh6 31. Be3 Nf7 32. Bd5 Nh6 33. Ng5 Qd7 34.
Nf7+ Nxf7 35. Qxf7 Qxf7 36. Bxf7 Nd7 37. f5 gxf5 38. gxf5 Nf6 39. Bf4 Ne4 40.
Be5 Nc3+ 41. Kb2 Bxe5 42. dxe5 Kg7 43. Bc4 Nd1+ 44. Kc1 Nf2 45. f6+ Kg6 46. Be6
1-0

[Event "XX C.to Mondiale Seniores"]
[Site "Arco ITA"]
[Date "2010.11.01"]
[Round "6"]
[White "Vogel, Jaap"]
[Black "Wuensch, Ulrich"]
[WhiteElo "2197"]
[BlackElo "2056"]
[Result "1-0"]
[PlyCount "105"]
[EventDate "2010.10.26"]

1. d4 Nf6 2. Nf3 e6 3. g3 b6 4. Bg2 Bb7 5. O-O Be7 6. c4 d5 7. Qa4+ Bc6 8. Qc2
dxc4 9. Nc3 O-O 10. e4 Bb7 11. Rd1 Na6 12. a3 c6 13. e5 Nd5 14. Ne4 b5 15. Bg5
h6 16. Bxe7 Qxe7 17. Nd6 Rab8 18. Nh4 Bc8 19. Qe2 Bd7 20. f4 Nac7 21. Rf1 g6
22. Qd2 Kg7 23. Rf2 Ne8 24. Ne4 f5 25. exf6+ Nexf6 26. Nc5 Rbe8 27. Re1 Qd6 28.
Bh3 Re7 29. Rfe2 Nc7 30. Nb7 Qd5 31. Bg2 c3 32. Qd3 Qb3 33. Nxg6 Ref7 34. Nxf8
Rxf8 35. Nc5 Qa2 36. bxc3 Qxa3 37. Nxd7 Nxd7 38. Bxc6 Nf6 39. f5 exf5 40. Re7+
Rf7 41. Rxf7+ Kxf7 42. Rf1 Kg7 43. Qxf5 Qe7 44. Qe5 Qxe5 45. dxe5 Nfd5 46. Bxd5
Nxd5 47. e6 Kg6 48. Rf8 a5 49. Rd8 Ne7 50. Rb8 b4 51. cxb4 Nc6 52. e7 Nxe7 53.
bxa5 1-0

[Event "XX C.to Mondiale Seniores"]
[Site "Arco ITA"]
[Date "2010.11.01"]
[Round "6"]
[White "Welz, Peter"]
[Black "Sarto Ramos, Angel"]
[WhiteElo "2156"]
[BlackElo "1963"]
[Result "1-0"]
[PlyCount "117"]
[EventDate "2010.10.26"]

1. e4 g6 2. d4 c6 3. f4 d5 4. e5 h5 5. Nf3 Bf5 6. g3 e6 7. Bg2 c5 8. c3 Nc6 9.
O-O Qb6 10. Kh1 Rc8 11. a3 cxd4 12. cxd4 h4 13. Nxh4 Qxd4 14. Nxf5 gxf5 15. Nc3
a6 16. Qe2 Bc5 17. Nd1 Qa4 18. Be3 Nd4 19. Qf2 Nb3 20. Bxc5 Rxc5 21. Nc3 Qc4
22. Rad1 Nh6 23. Bf3 d4 24. Nb1 Ng4 25. Bxg4 fxg4 26. Nd2 Qd5+ 27. Qg2 Qxg2+
28. Kxg2 Rc2 29. Rf2 Nc5 30. Ne4 Rxf2+ 31. Nxf2 Na4 32. Rxd4 b5 33. b3 Nb6 34.
Nxg4 Ke7 35. Rd6 Rb8 36. h4 a5 37. Nf6 a4 38. bxa4 bxa4 39. h5 Nc4 40. Rd7+ Kf8
41. Ra7 Kg7 42. Rxa4 Ne3+ 43. Kf3 Rb3 44. Ke2 Nf5 45. g4 Rb2+ 46. Kd3 Ne7 47.
g5 Rb3+ 48. Kc2 Rf3 49. h6+ Kg6 50. h7 Rf2+ 51. Kd3 Rf3+ 52. Ke2 Rh3 53. Ra8
Kf5 54. h8=Q Rb3 55. Qh7+ Ng6 56. Nh5 Rb2+ 57. Kd3 Rb3+ 58. Kc2 Rb7 59. Rf8 1-0

[Event "XX C.to Mondiale Seniores"]
[Site "Arco ITA"]
[Date "2010.11.01"]
[Round "6"]
[White "Westerinen, Heikki M.J."]
[Black "Titz, Heimo"]
[WhiteElo "2365"]
[BlackElo "2225"]
[Result "1-0"]
[PlyCount "87"]
[EventDate "2010.10.26"]

1. e4 c5 2. Nf3 e6 3. c3 d5 4. e5 Nc6 5. d4 Nge7 6. Bd3 Qb6 7. dxc5 Qxc5 8. O-O
Ng6 9. Re1 Be7 10. Qa4 Bd7 11. Qg4 Qb6 12. h4 Bc5 13. Re2 a5 14. h5 Nge7 15.
Qxg7 O-O-O 16. Nbd2 Nf5 17. Bxf5 Rhg8 18. Qh6 exf5 19. Nb3 Bf8 20. Qe3 Qxe3 21.
Bxe3 Be6 22. Bb6 Re8 23. Nxa5 Nxa5 24. Bxa5 Bc5 25. Bb4 Ba7 26. Nd4 Rg5 27. Nb5
Bb8 28. f4 Rxh5 29. Nd6+ Bxd6 30. exd6 Rg8 31. Rd1 Rg4 32. Rd4 Rgh4 33. c4 Rh1+
34. Kf2 Rc1 35. cxd5 Bd7 36. Rdd2 Rhh1 37. Rc2+ Kb8 38. Rxc1 Rxc1 39. Re7 Rc2+
40. Kg3 Kc8 41. Rxf7 b6 42. Rf8+ Kb7 43. Rd8 Bb5 44. d7 1-0

[Event "XX C.to Mondiale Seniores"]
[Site "Arco ITA"]
[Date "2010.11.02"]
[Round "7"]
[White "Anguera Maestro, Jaime"]
[Black "Garcia, Raimundo"]
[WhiteElo "2205"]
[BlackElo "2331"]
[Result "0-1"]
[PlyCount "78"]
[EventDate "2010.10.26"]

1. d4 Nf6 2. Nf3 g6 3. c4 Bg7 4. Nc3 c5 5. d5 d6 6. e4 O-O 7. h3 b5 8. cxb5 a6
9. b6 Nbd7 10. Be2 Nxb6 11. O-O e6 12. Bg5 exd5 13. exd5 Qc7 14. a4 Bb7 15.
Bxf6 Bxf6 16. a5 Nd7 17. Qd2 Rfe8 18. Ra4 Re7 19. Ng5 Rae8 20. Bf3 Ne5 21. Be4
h6 22. Nf3 Nxf3+ 23. Bxf3 Bg7 24. Raa1 Bc8 25. Na4 Bd7 26. Nb6 Bb5 27. Rfe1 c4
28. Rec1 Qc5 29. Na4 Qd4 30. Qxd4 Bxd4 31. Nc3 Bd7 32. Rd1 Bf6 33. g4 Rb8 34.
Rab1 Be8 35. Kf1 Reb7 36. Be4 Rxb2 37. Na2 c3 38. Ke1 R8b5 39. Rdc1 Rxa2 0-1

[Event "XX C.to Mondiale Seniores"]
[Site "Arco ITA"]
[Date "2010.11.02"]
[Round "7"]
[White "Baeta, Marcio Netto"]
[Black "Rasmussen, Lars-Bo"]
[WhiteElo "2221"]
[BlackElo "2090"]
[Result "1/2-1/2"]
[PlyCount "39"]
[EventDate "2010.10.26"]

1. Nf3 f5 2. d3 d5 3. c4 c6 4. Nbd2 Nf6 5. Qc2 e6 6. e4 dxe4 7. dxe4 g6 8. b3
c5 9. Be2 Bg7 10. Bb2 Nc6 11. O-O Qc7 12. Rfe1 O-O 13. exf5 exf5 14. Bf1 b6 15.
a3 Bb7 16. h3 Rae8 17. Ng5 Bc8 18. Re2 Nh5 19. Rae1 Rxe2 20. Bxe2 1/2-1/2

[Event "XX C.to Mondiale Seniores"]
[Site "Arco ITA"]
[Date "2010.11.02"]
[Round "7"]
[White "Bortolotti, Silvano"]
[Black "Jenkins, Tom Ivar"]
[WhiteElo "1778"]
[BlackElo "1975"]
[Result "0-1"]
[PlyCount "48"]
[EventDate "2010.10.26"]

1. e4 e6 2. d4 d5 3. Nc3 Nf6 4. e5 Nfd7 5. f4 c5 6. Nf3 Nc6 7. Ne2 Be7 8. c3
O-O 9. Ng3 f6 10. Bd3 fxe5 11. fxe5 cxd4 12. cxd4 Bb4+ 13. Bd2 Qb6 14. a3 Bxd2+
15. Qxd2 Rxf3 16. gxf3 Nxd4 17. Qf2 Nxe5 18. Rd1 Ndxf3+ 19. Kf1 Qxf2+ 20. Kxf2
Bd7 21. Be2 Rf8 22. Bxf3 Nxf3 23. Ke3 Bc6 24. Ne2 d4+ 0-1

[Event "XX C.to Mondiale Seniores"]
[Site "Arco ITA"]
[Date "2010.11.02"]
[Round "7"]
[White "Busu, Corneliu"]
[Black "Gutzeit, Avraham"]
[WhiteElo "2305"]
[BlackElo "2175"]
[Result "1-0"]
[PlyCount "49"]
[EventDate "2010.10.26"]

1. d4 Nf6 2. Nf3 e6 3. c4 b6 4. g3 Bb7 5. Bg2 Be7 6. O-O O-O 7. Nc3 Ne4 8. Qc2
Nxc3 9. bxc3 f5 10. d5 exd5 11. Nd4 g6 12. cxd5 Qc8 13. Bh6 Rf7 14. e4 fxe4 15.
Bxe4 Bf8 16. Bxg6 Bxh6 17. Bxf7+ Kxf7 18. Qxh7+ Bg7 19. Nf5 Qh8 20. Nh6+ Kf8
21. Qf5+ Bf6 22. Ng4 Kf7 23. Rfe1 Na6 24. Qxd7+ Kf8 25. Qf5 1-0

[Event "XX C.to Mondiale Seniores"]
[Site "Arco ITA"]
[Date "2010.11.02"]
[Round "7"]
[White "Butnorius, Algimantas"]
[Black "Lucena, Lincoln"]
[WhiteElo "2439"]
[BlackElo "2129"]
[Result "1-0"]
[PlyCount "71"]
[EventDate "2010.10.26"]

1. d4 Nf6 2. Nf3 e6 3. c4 d5 4. Nc3 Nbd7 5. Bg5 Be7 6. e3 h6 7. Bh4 Ne4 8. Bxe7
Qxe7 9. Rc1 c6 10. Bd3 Nxc3 11. Rxc3 O-O 12. O-O e5 13. dxe5 Nxe5 14. cxd5 cxd5
15. Be2 Rd8 16. Nd4 Bd7 17. Qb3 Be8 18. Rd1 g6 19. a3 a6 20. Nf3 Bc6 21. Nxe5
Qxe5 22. Rd4 Rd7 23. Qd1 a5 24. g3 Rad8 25. Rc5 a4 26. Qc2 Rd6 27. Bb5 Bxb5 28.
Rxb5 Rc6 29. Qxa4 Rc1+ 30. Kg2 Qc7 31. Rbxd5 Rxd5 32. Rxd5 Rc2 33. Qd4 Qc6 34.
e4 Kf8 35. Rd6 Qc7 36. Rd7 1-0

[Event "XX C.to Mondiale Seniores"]
[Site "Arco ITA"]
[Date "2010.11.02"]
[Round "7"]
[White "Cavatorta, Fosco"]
[Black "Luebbers, Doris"]
[WhiteElo "1936"]
[BlackElo "1607"]
[Result "1-0"]
[PlyCount "45"]
[EventDate "2010.10.26"]

1. d4 d5 2. Nf3 Nf6 3. e3 e6 4. Bd3 Be7 5. O-O O-O 6. Nbd2 b6 7. Ne5 Bb7 8. f4
Nbd7 9. Qf3 Re8 10. g4 Ne4 11. Nxe4 dxe4 12. Bxe4 Bxe4 13. Qxe4 c5 14. Nc6 Qc7
15. Nxe7+ Kh8 16. Nc6 Nf6 17. Qf3 Rac8 18. Ne5 cxd4 19. exd4 Qxc2 20. Nxf7+ Kg8
21. Nd6 Qc7 22. Nxc8 Rxc8 23. Be3 1-0

[Event "XX C.to Mondiale Seniores"]
[Site "Arco ITA"]
[Date "2010.11.02"]
[Round "7"]
[White "Cernea, Radu-Gheorghe"]
[Black "Birkestrand, Odd"]
[WhiteElo "2039"]
[BlackElo "1913"]
[Result "1-0"]
[PlyCount "45"]
[EventDate "2010.10.26"]

1. d4 Nf6 2. c4 c5 3. d5 b5 4. cxb5 a6 5. bxa6 Bxa6 6. Nc3 g6 7. f4 d6 8. Nf3
Nbd7 9. e4 Bxf1 10. Rxf1 Bg7 11. Qe2 O-O 12. e5 dxe5 13. fxe5 Ng4 14. e6 Nb6
15. exf7+ Rxf7 16. Qe6 Bxc3+ 17. bxc3 Qxd5 18. Qxg4 Rd8 19. Bh6 Qd3 20. Rc1 Rf6
21. Kf2 Nc4 22. Rfd1 Rxf3+ 23. gxf3 1-0

[Event "XX C.to Mondiale Seniores"]
[Site "Arco ITA"]
[Date "2010.11.02"]
[Round "7"]
[White "Chubar, Vladimir"]
[Black "Hjertenes, Oystein"]
[WhiteElo "2100"]
[BlackElo "2199"]
[Result "1/2-1/2"]
[PlyCount "28"]
[EventDate "2010.10.26"]

1. Nf3 g6 2. d4 d5 3. Bf4 Bg7 4. e3 Nf6 5. c4 c6 6. Nc3 O-O 7. Qb3 e6 8. Bd3
Nbd7 9. O-O Re8 10. e4 dxe4 11. Nxe4 Nxe4 12. Bxe4 e5 13. dxe5 Nxe5 14. Nxe5
Bxe5 1/2-1/2

[Event "XX C.to Mondiale Seniores"]
[Site "Arco ITA"]
[Date "2010.11.02"]
[Round "7"]
[White "Danner, Georg"]
[Black "Rajkovic, Dusan"]
[WhiteElo "2422"]
[BlackElo "2443"]
[Result "1/2-1/2"]
[PlyCount "56"]
[EventDate "2010.10.26"]

1. d4 Nf6 2. c4 e6 3. Nf3 b6 4. e3 Bb4+ 5. Nbd2 Bb7 6. Bd3 O-O 7. O-O d5 8. a3
Bd6 9. b4 c5 10. bxc5 bxc5 11. cxd5 exd5 12. dxc5 Bxc5 13. Bb2 Nbd7 14. Nb3 Bb6
15. a4 a6 16. Rc1 Re8 17. Bd4 Ne4 18. Bxb6 Qxb6 19. Nbd4 Ndc5 20. Bc2 Rad8 21.
Qe1 Bc8 22. Ne2 Bd7 23. a5 Qd6 24. Nfd4 Rb8 25. Rb1 Rxb1 26. Bxb1 Qc7 27. Nf4
Qd6 28. Bc2 Nf6 1/2-1/2

[Event "XX C.to Mondiale Seniores"]
[Site "Arco ITA"]
[Date "2010.11.02"]
[Round "7"]
[White "De Nisi, Giuseppe"]
[Black "Elfert, Aleksandr V."]
[WhiteElo "1816"]
[BlackElo "2022"]
[Result "0-1"]
[PlyCount "40"]
[EventDate "2010.10.26"]

1. d4 d6 2. c4 e5 3. d5 f5 4. Nc3 Nf6 5. g3 g6 6. Bg2 Bg7 7. e4 O-O 8. f4 exf4
9. Bxf4 fxe4 10. Bg5 h6 11. Bxf6 Qxf6 12. Qc2 Na6 13. O-O-O Bf5 14. Bxe4 Nb4
15. Qb3 Qg5+ 16. Kb1 Bxc3 17. Bxf5 Qxf5+ 18. Kc1 Nd3+ 19. Rxd3 Qxd3 20. bxc3
Rf1+ 0-1

[Event "XX C.to Mondiale Seniores"]
[Site "Arco ITA"]
[Date "2010.11.02"]
[Round "7"]
[White "Ermenkov, Evgenij P."]
[Black "Dydyshko, Viacheslav"]
[WhiteElo "2442"]
[BlackElo "2547"]
[Result "1/2-1/2"]
[PlyCount "48"]
[EventDate "2010.10.26"]

1. c4 Nf6 2. Nc3 g6 3. e4 d6 4. d4 Bg7 5. Nf3 O-O 6. h3 e5 7. dxe5 dxe5 8. Be3
Nc6 9. Be2 b6 10. O-O Bb7 11. a3 Re8 12. Re1 Nd7 13. b4 Nf8 14. Qxd8 Rexd8 15.
Nd5 Ne6 16. b5 Ncd4 17. Bxd4 exd4 18. Bf1 a6 19. a4 axb5 20. axb5 Ra5 21. h4 h6
22. g3 Rda8 23. Rxa5 Rxa5 24. e5 Ra2 1/2-1/2

[Event "XX C.to Mondiale Seniores"]
[Site "Arco ITA"]
[Date "2010.11.02"]
[Round "7"]
[White "Esbensen, Hans Fredrik"]
[Black "Korenevski, Oleg"]
[WhiteElo "1730"]
[BlackElo "1930"]
[Result "0-1"]
[PlyCount "64"]
[EventDate "2010.10.26"]

1. e4 c5 2. Nf3 d6 3. d4 cxd4 4. Nxd4 Nf6 5. Nc3 g6 6. Be2 Nc6 7. Nb3 Bg7 8.
O-O O-O 9. h3 b6 10. Bf3 Bb7 11. Ne2 Ne5 12. Ng3 Qc7 13. Re1 Nxf3+ 14. gxf3
Rac8 15. c3 Qc4 16. Be3 Rfd8 17. Qe2 Qe6 18. Kh2 d5 19. Nd4 Qd6 20. Nb5 Qb8 21.
e5 Nd7 22. f4 Ba6 23. a4 Nf8 24. Qf3 f6 25. Bd2 Bxb5 26. exf6 exf6 27. axb5 Rc5
28. Re7 Rd7 29. Rae1 Rxb5 30. Nf5 Rxe7 31. Rxe7 gxf5 32. Qg3 Ng6 0-1

[Event "XX C.to Mondiale Seniores"]
[Site "Arco ITA"]
[Date "2010.11.02"]
[Round "7"]
[White "Farago, Ivan"]
[Black "Van Den Berg, Adrianus M.J."]
[WhiteElo "2420"]
[BlackElo "2202"]
[Result "1-0"]
[PlyCount "71"]
[EventDate "2010.10.26"]

1. d4 c5 2. d5 g6 3. c4 Bg7 4. e4 d6 5. Nc3 f5 6. exf5 Bxf5 7. Nge2 Na6 8. Ng3
Bd7 9. Be2 Bxc3+ 10. bxc3 Qa5 11. O-O O-O-O 12. Qc2 Nf6 13. Bg5 Rde8 14. Bxf6
exf6 15. Ne4 Rxe4 16. Qxe4 Qxc3 17. Rfc1 Qe5 18. Qc2 Re8 19. Bf1 Qd4 20. Rd1
Qf4 21. Re1 Re5 22. a3 Nc7 23. Qc3 b6 24. g3 Qh6 25. f4 Rh5 26. Ra2 g5 27. fxg5
Rxg5 28. Rf2 Re5 29. Rxe5 dxe5 30. d6 Ne8 31. Qf3 Kb8 32. Bg2 Nxd6 33. Qa8+ Kc7
34. Qxa7+ Kd8 35. Qxb6+ Ke7 36. Qxc5 1-0

[Event "XX C.to Mondiale Seniores"]
[Site "Arco ITA"]
[Date "2010.11.02"]
[Round "7"]
[White "Filipenko, Alexander V."]
[Black "Vogel, Jaap"]
[WhiteElo "2327"]
[BlackElo "2197"]
[Result "1-0"]
[PlyCount "107"]
[EventDate "2010.10.26"]

1. e4 e6 2. d4 d5 3. Nc3 Bb4 4. e5 b6 5. a3 Bf8 6. Bb5+ Bd7 7. Bd3 c5 8. Nf3
Nc6 9. O-O c4 10. Be2 a6 11. a4 Nge7 12. b3 cxb3 13. cxb3 Nb4 14. Ng5 h6 15.
Nh3 Nf5 16. Bg4 Rc8 17. Bb2 Be7 18. Nf4 Bg5 19. Nd3 Nxd3 20. Qxd3 g6 21. Bxf5
gxf5 22. Qxa6 Rg8 23. Qd3 Be7 24. Rfc1 Bb4 25. g3 h5 26. Ne2 Rxc1+ 27. Bxc1 h4
28. Bd2 Qe7 29. Nf4 Rh8 30. Bxb4 Qxb4 31. Rc1 b5 32. Qc3 Qxc3 33. Rxc3 bxa4 34.
bxa4 Ke7 35. a5 Ra8 36. Ra3 Bb5 37. Kg2 hxg3 38. fxg3 f6 39. exf6+ Kxf6 40. Kf3
Ba6 41. Ke3 Rh8 42. Rb3 Rxh2 43. Rb6 Bc4 44. Rxe6+ Kf7 45. Re5 Ra2 46. Rxf5+
Kg7 47. Nxd5 Rxa5 48. Ke4 Ra3 49. Nf4 Bf7 50. g4 Ra1 51. Rb5 Ra7 52. Kf5 Bg8
53. Nh5+ Kf7 54. Nf6 1-0

[Event "XX C.to Mondiale Seniores"]
[Site "Arco ITA"]
[Date "2010.11.02"]
[Round "7"]
[White "Frugoni, Giulio"]
[Black "Haupt, Joachim"]
[WhiteElo "1723"]
[BlackElo "1873"]
[Result "0-1"]
[PlyCount "90"]
[EventDate "2010.10.26"]

1. Nf3 c5 2. c4 Nc6 3. e3 g6 4. d4 cxd4 5. exd4 Bg7 6. Nc3 d6 7. a3 Bg4 8. Be2
Qb6 9. O-O Bxf3 10. Bxf3 Nxd4 11. Qa4+ Kf8 12. Be4 Nf6 13. Bd3 Qb3 14. Qa5 Ne8
15. Qg5 Nc7 16. Re1 Re8 17. Be4 Nc2 18. Bxc2 Qxc2 19. Be3 b6 20. Nd5 Ne6 21.
Qh4 h5 22. Nf4 Qf5 23. Nxe6+ fxe6 24. Rad1 Bf6 25. Qg3 h4 26. Qf4 Bxb2 27. Bc1
Qxf4 28. Bxf4 e5 29. Bc1 Bxc1 30. Rxc1 Kf7 31. Re4 Rh5 32. Rc3 Rc8 33. a4 d5
34. Rf3+ Rf5 35. Rxh4 Rxf3 36. gxf3 dxc4 37. Re4 c3 38. Re1 Rc4 39. Rc1 a6 40.
Kf1 b5 41. axb5 axb5 42. Ke2 Ke6 43. Kd3 Kf5 44. Rxc3 Rxc3+ 45. Kxc3 Kf4 0-1

[Event "XX C.to Mondiale Seniores"]
[Site "Arco ITA"]
[Date "2010.11.02"]
[Round "7"]
[White "Gutkin, Boris"]
[Black "Westerinen, Heikki M.J."]
[WhiteElo "2275"]
[BlackElo "2365"]
[Result "1/2-1/2"]
[PlyCount "81"]
[EventDate "2010.10.26"]

1. d4 d5 2. Nf3 a6 3. Bf4 Nf6 4. e3 e6 5. Be2 c5 6. O-O Nc6 7. c4 dxc4 8. dxc5
Bxc5 9. Qxd8+ Kxd8 10. Bxc4 Ke7 11. Nc3 b5 12. Be2 Bb7 13. Rac1 Bb6 14. h3 Rhd8
15. Rfd1 Rxd1+ 16. Rxd1 Rd8 17. Rxd8 Bxd8 18. a4 b4 19. Nb1 Ne4 20. Nbd2 Nxd2
21. Nxd2 e5 22. Bg3 f6 23. f3 Na5 24. Bf2 Bb6 25. Nc4 Nxc4 26. Bxc4 Kd6 27. Kf1
a5 28. b3 Bc5 29. Ke2 g5 30. g4 Bc8 31. h4 h6 32. hxg5 hxg5 33. e4 Bd4 34. Be3
Kc5 35. Kd3 Bd7 36. Bf7 Bc6 37. Bg8 Bb7 38. Bc4 Bc8 39. Bd2 Bd7 40. Bf7 Bc6 41.
Bg8 1/2-1/2

[Event "XX C.to Mondiale Seniores"]
[Site "Arco ITA"]
[Date "2010.11.02"]
[Round "7"]
[White "Hammar, Bengt"]
[Black "Bondick, Karl-Heinz"]
[WhiteElo "2240"]
[BlackElo "2166"]
[Result "1-0"]
[PlyCount "27"]
[EventDate "2010.10.26"]

1. e4 e5 2. Nf3 Qe7 3. Nc3 c6 4. a4 f5 5. exf5 d5 6. Be2 Bxf5 7. d4 e4 8. Ne5
Nd7 9. Bf4 Ngf6 10. g4 Bg6 11. g5 Nxe5 12. gxf6 Nf3+ 13. Bxf3 exf3+ 14. fxe7
1-0

[Event "XX C.to Mondiale Seniores"]
[Site "Arco ITA"]
[Date "2010.11.02"]
[Round "7"]
[White "Henrichsen, Erland"]
[Black "Gierse, Heinz-Dieter"]
[WhiteElo "2012"]
[BlackElo "2127"]
[Result "1-0"]
[PlyCount "61"]
[EventDate "2010.10.26"]

1. d4 Nf6 2. Nf3 g6 3. Nc3 Bg7 4. e4 d6 5. Be3 O-O 6. Qd2 Re8 7. Bh6 Bh8 8. h3
c5 9. dxc5 dxc5 10. Qe3 Qa5 11. Bc4 e6 12. O-O Nc6 13. Nb5 Re7 14. c3 a6 15.
Nd6 b5 16. Qxc5 Rc7 17. Ne8 Nd7 18. Qd6 Rca7 19. Bxe6 Nce5 20. Ng5 Qd8 21. f4
Qxe8 22. fxe5 Nxe5 23. Bd5 Rd7 24. Qb6 Raa7 25. Rad1 Rac7 26. Rd2 Bb7 27. Rfd1
Nc4 28. Bxc4 bxc4 29. Rd6 Rc6 30. Rxd7 Rxb6 31. Rd8 1-0

[Event "XX C.to Mondiale Seniores"]
[Site "Arco ITA"]
[Date "2010.11.02"]
[Round "7"]
[White "Hocevar, Nikola"]
[Black "Harestad, Thor Geir"]
[WhiteElo "2081"]
[BlackElo "2219"]
[Result "1/2-1/2"]
[PlyCount "107"]
[EventDate "2010.10.26"]

1. c4 e5 2. Nc3 Nc6 3. g3 g6 4. Bg2 Bg7 5. Nf3 d6 6. d3 f5 7. O-O Nf6 8. Nd5
O-O 9. Bg5 Be6 10. Qd2 Kh8 11. Rab1 Bxd5 12. cxd5 Ne7 13. Ne1 Nfg8 14. Qc2 h6
15. Bd2 Nf6 16. e4 Qd7 17. Rc1 Rac8 18. Nf3 c6 19. dxc6 Rxc6 20. Qb1 fxe4 21.
dxe4 Qg4 22. Rfe1 Nd7 23. Rxc6 Nxc6 24. h3 Qe6 25. Qd3 Rf6 26. Qd5 Qe7 27. Bc3
Nb6 28. Qd3 g5 29. Re2 Qf7 30. b3 Nd7 31. Nd2 Nc5 32. Qc4 Qd7 33. Nf1 Ne6 34.
Ne3 Ned4 35. Rd2 b5 36. Qd3 Rf7 37. Nd5 a6 38. Rd1 Qa7 39. Rd2 Bf8 40. Qe3 Be7
41. Rd1 Bd8 42. h4 Qd7 43. hxg5 hxg5 44. f3 Rh7 45. Kf2 Kg8 46. Rh1 Rxh1 47.
Bxh1 a5 48. Bg2 b4 49. Bb2 Qe6 50. Qd2 Kg7 51. Kg1 Qh6 52. Kf2 Ne6 53. Qc1 Ncd4
54. Qc8 1/2-1/2

[Event "XX C.to Mondiale Seniores"]
[Site "Arco ITA"]
[Date "2010.11.02"]
[Round "7"]
[White "Kaufman, Larry C."]
[Black "Klundt, Klaus"]
[WhiteElo "2413"]
[BlackElo "2355"]
[Result "1/2-1/2"]
[PlyCount "69"]
[EventDate "2010.10.26"]

1. d4 d5 2. c4 c6 3. Nf3 Nf6 4. Nc3 e6 5. Bg5 h6 6. Bxf6 Qxf6 7. e3 Nd7 8. Bd3
dxc4 9. Bxc4 g6 10. O-O Bg7 11. Re1 O-O 12. e4 e5 13. d5 Nb6 14. Bb3 Bg4 15.
Re3 Rfd8 16. Qe2 a5 17. h3 Bd7 18. a3 Be8 19. Rd1 Bf8 20. Red3 Bc5 21. dxc6
Rxd3 22. Rxd3 bxc6 23. Na4 Nxa4 24. Bxa4 Rd8 25. Nxe5 Rd4 26. Rxd4 Bxd4 27. Nc4
Qf4 28. Qc2 Bd7 29. Nxa5 Bxh3 30. gxh3 Qg5+ 31. Kf1 Qxa5 32. Bxc6 Qb6 33. b3
Bxf2 34. Qxf2 Qxc6 35. Qe3 1/2-1/2

[Event "XX C.to Mondiale Seniores"]
[Site "Arco ITA"]
[Date "2010.11.02"]
[Round "7"]
[White "Kornath, Heinrich"]
[Black "Scarpellini, Felice"]
[WhiteElo "1956"]
[BlackElo "1809"]
[Result "1/2-1/2"]
[PlyCount "76"]
[EventDate "2010.10.26"]

1. e4 d6 2. d4 g6 3. f4 Bg7 4. Nc3 c6 5. Be3 Nf6 6. Nf3 Bg4 7. h3 Bxf3 8. Qxf3
O-O 9. Bc4 b5 10. Bb3 a5 11. a3 a4 12. Ba2 Qa5 13. Bd2 Qb6 14. Ne2 Na6 15. e5
Nd5 16. Bxd5 cxd5 17. c3 e6 18. Be3 Qc7 19. O-O dxe5 20. fxe5 Qc4 21. Bg5 h6
22. Bf6 Qb3 23. Rab1 Qc2 24. Ng3 Bxf6 25. Qxf6 Qd3 26. Rbe1 Qxg3 27. Re2 Qg5
28. Qf3 Ra7 29. Ref2 Rc7 30. Qd3 Rc4 31. Rf4 h5 32. Rf6 b4 33. h4 Qh6 34. axb4
Nxb4 35. cxb4 Rxb4 36. Qc3 Rb3 37. Qc2 Qe3+ 38. Kh1 Qe4 1/2-1/2

[Event "XX C.to Mondiale Seniores"]
[Site "Arco ITA"]
[Date "2010.11.02"]
[Round "7"]
[White "Mesiarik, Rudolf"]
[Black "Malmdin, Nils Ake"]
[WhiteElo "2173"]
[BlackElo "2300"]
[Result "0-1"]
[PlyCount "84"]
[EventDate "2010.10.26"]

1. Nf3 g6 2. g3 Bg7 3. d4 Nf6 4. Bg2 O-O 5. O-O c5 6. d5 d6 7. c4 Na6 8. Nc3
Nc7 9. Re1 a6 10. e4 Bg4 11. Bf1 e5 12. h3 Bd7 13. a4 b6 14. Rb1 Nh5 15. b4 h6
16. bxc5 bxc5 17. Bd2 Kh7 18. a5 Ne8 19. Na4 f5 20. Nb6 fxe4 21. Nxd7 Qxd7 22.
Nh2 Nef6 23. Rb6 Rf7 24. Be3 Bf8 25. Ng4 Nxg4 26. hxg4 Nf6 27. Be2 Be7 28. g5
hxg5 29. Bxg5 Bd8 30. Bxf6 Rxf6 31. Bg4 Qe7 32. Rb3 Bxa5 33. Rxe4 Bb4 34. Kg2
Kg7 35. Rf3 Raf8 36. Rxf6 Qxf6 37. f4 a5 38. Qe2 Bc3 39. fxe5 Bxe5 40. Re3 Qg5
41. Rf3 Rb8 42. Rf2 Bd4 0-1

[Event "XX C.to Mondiale Seniores"]
[Site "Arco ITA"]
[Date "2010.11.02"]
[Round "7"]
[White "Muratoglu, Salih"]
[Black "Zoltek, Tadeusz"]
[WhiteElo "2090"]
[BlackElo "2194"]
[Result "1/2-1/2"]
[PlyCount "36"]
[EventDate "2010.10.26"]

1. e4 c5 2. Nf3 Nc6 3. d4 cxd4 4. Nxd4 e5 5. Nb3 Bb4+ 6. c3 Be7 7. Be3 Nf6 8.
N1d2 d5 9. f3 O-O 10. Bf2 dxe4 11. Nxe4 Nxe4 12. fxe4 Qxd1+ 13. Rxd1 Be6 14.
Bd3 Rfd8 15. Bc2 Bc4 16. Be3 Rxd1+ 17. Bxd1 Bd3 18. Nd2 b6 1/2-1/2

[Event "XX C.to Mondiale Seniores"]
[Site "Arco ITA"]
[Date "2010.11.02"]
[Round "7"]
[White "Neri, Angelo"]
[Black "Wintner, Ivan"]
[WhiteElo "1900"]
[BlackElo "2024"]
[Result "0-1"]
[PlyCount "52"]
[EventDate "2010.10.26"]

1. e4 c5 2. Nf3 Nc6 3. c3 d5 4. exd5 Qxd5 5. d4 Bg4 6. Be2 O-O-O 7. O-O cxd4 8.
Nxd4 Bxe2 9. Qxe2 Nf6 10. Nxc6 Qxc6 11. Be3 e6 12. Bxa7 Nd5 13. Be3 f5 14. g3
f4 15. Bd4 Nf6 16. Re1 Re8 17. Be5 f3 18. Qc2 Rd8 19. Nd2 Ng4 20. Nb3 Bc5 21.
Nxc5 Qxc5 22. Re4 Nxe5 23. Rae1 Nc6 24. Rxe6 Nd4 25. Qe4 Nxe6 26. Qxe6+ Kb8 0-1

[Event "XX C.to Mondiale Seniores"]
[Site "Arco ITA"]
[Date "2010.11.02"]
[Round "7"]
[White "Pavlov, Mircea Sergiu"]
[Black "Chernikov, Oleg L."]
[WhiteElo "2362"]
[BlackElo "2425"]
[Result "1/2-1/2"]
[PlyCount "36"]
[EventDate "2010.10.26"]

1. e4 c5 2. Nf3 Nc6 3. d4 cxd4 4. Nxd4 Nf6 5. Nc3 d6 6. Bg5 g6 7. Bxf6 exf6 8.
Bc4 Bg7 9. Ndb5 O-O 10. Qxd6 Qa5 11. Qc7 Qb4 12. Bb3 f5 13. O-O-O Be5 14. Nd6
fxe4 15. a3 Qa5 16. Qxa5 Nxa5 17. Ncxe4 Nxb3+ 18. cxb3 Bd7 1/2-1/2

[Event "XX C.to Mondiale Seniores"]
[Site "Arco ITA"]
[Date "2010.11.02"]
[Round "7"]
[White "Perich, Stefano"]
[Black "Hlinschi, Mihai"]
[WhiteElo "1952"]
[BlackElo "1776"]
[Result "1-0"]
[PlyCount "61"]
[EventDate "2010.10.26"]

1. e4 e5 2. Nf3 Nc6 3. Bc4 Be7 4. c3 Nf6 5. Qe2 O-O 6. d4 d6 7. d5 Na5 8. Bd3
b6 9. h3 c5 10. Nbd2 Qc7 11. O-O Nh5 12. Nc4 Nxc4 13. Bxc4 Nf6 14. Nh2 a6 15.
a4 Bb7 16. Ng4 Nxg4 17. hxg4 Qd8 18. g3 g5 19. Kg2 f6 20. Be3 Qe8 21. f3 Rf7
22. Rfb1 Rg7 23. b4 Bc8 24. bxc5 bxc5 25. Bxc5 dxc5 26. d6+ Kh8 27. dxe7 Qxe7
28. Bd5 Ra7 29. Rb8 Rc7 30. Qxa6 Qd7 31. Qxf6 1-0